00317nam a2200121Ia 4500008004100000041000800041082001700049100001500066245003600081260004000117300003100157365000700188240624s9999 xx 000 0 und d aeng a741.5954 LAX aLAXMAN R K aCOMMON MAN IN THE NEW MILLENIUM c2000aNew DelhibPenguin Book India axiv, : 204 : p. : cm. ; 18 cRS